00447nam a2200181Ia 4500008004100000020001800041050001400059100002400073245002800097245004100125260001500166260001600181260000900197300001400206300002700220300001000247500000800257170918s9999 xx 000 0 und d a9780590693332 bB772 1997 aBourgeois, Paulette aFranklin rides a bike / cPaulette Bourheois and Brenda Clark. aNew York : bScholastic, c1997 aunpaged : bcolored illustration ; c23cm. a370